| 000 | 01276nam a22002537a 4500 | ||
|---|---|---|---|
| 005 | 20210325205845.0 | ||
| 008 | s2554 th ||||| |||| 00| 0 tha d | ||
| 020 | _a9789744843234 | ||
| 050 | _aHM1136 ว849ผ 2554 | ||
| 100 | 0 | _aวีระศักดิ์ จันทร์ส่งแสง | |
| 245 | 1 | 0 | _aแผ่นดินนี้ที่อีกฟากเขา |
| 260 | 3 |
_aกรุงเทพฯ : _bสารคดี, _c2554 |
|
| 300 |
_a183 หน้า : _b ภาพประกอบ ; _c 18 ซม. |
||
| 650 | 0 | 4 | _aชายขอบทางสังคม -- ไทย -- ภาวะสังคม |
| 650 | 0 | 4 | _aชนกลุ่มน้อย -- ไทย -- ภาวะสังคม |
| 650 | 0 | 4 | _aชนกลุ่มน้อย -- ไทย -- ความเป็นอยู่และประเพณี |
| 650 | 0 | 4 | _aความเป็นชายขอบของสังคม -- ไทย |
| 650 | 0 | 4 | _aความเป็นชายขอบของสังคม |
| 850 | _aNALT | ||
| 942 | _cGB | ||
| 997 | _a39940 ฉ.1 /39941 ฉ.2 | ||
| 997 | _c000000000064638 | ||
| 998 | _aนางสุกัญญา กัลยา | ||
| 999 |
_c64638 _d64638 |
||